Top 5 Songs On IGOR (Tyler, The Creator) - Statistics

General Stats
  • This quiz has been taken 364 times
  • The average score is 4 of 5
Answer Stats
Hint Answer % Correct
731,845,542 EARFQUAKE
98%
390,572,731 NEW MAGIC WAND
94%
292,082,612 GONE GONE / THANK YOU
87%
255,481,322 ARE WE STILL FRIENDS?
86%
225,059,087 I THINK
82%
No matching quizzes found
Score Distribution
Percent of People with Each Score
Percentile by Number Answered
Your Score History
You have not taken this quiz